|
|
|
|
| LEADER |
00916nam a2200241 a 4500 |
| 001 |
5751939 |
| 008 |
130120s2010 njua b 001 0 eng d |
| 010 |
|
|
|a 2009021875
|
| 020 |
|
|
|a 9780205693511
|
| 020 |
|
|
|a 0205693512
|
| 040 |
|
|
|a DLC
|c DLC
|d YDX
|d BTCTA
|d YDXCP
|d NPL
|d SBM
|d DLC
|d BD-DhAAL.
|
| 082 |
0 |
0 |
|a 306.4/61
|2 22
|
| 100 |
1 |
|
|a Joralemon, Donald.
|
| 245 |
1 |
0 |
|a Exploring medical anthropology /
|c Donald Joralemon.
|
| 250 |
|
|
|a 3rd ed.
|
| 260 |
|
|
|a Upper Saddle River, NJ :
|b Prentice Hall,
|c c2010.
|
| 300 |
|
|
|a x, 165 p. :
|b ill. ;
|c 24 cm.
|
| 504 |
|
|
|a Includes bibliographical references (p. 141-160) and index.
|
| 541 |
|
|
|e 00026517
|
| 650 |
|
0 |
|a Medical anthropology.
|
| 852 |
1 |
|
|a Ayesha Abed Library
|j General shelf.
|
| 999 |
|
|
|c 13143
|d 13143
|
| 952 |
|
|
|0 0
|1 0
|2 ddc
|4 0
|6 306_461000000000000_JOR
|7 0
|9 21863
|a JPGSPH
|b JPGSPH
|d 2013-01-21
|e TRIM EDUCATION
|g 3850.00
|l 0
|o 306.461 JOR
|p 3060026517
|r 2013-01-21
|t 1
|w 2013-01-21
|y BK
|